[Event "AUTO-INT-301"]
[Site "http://www.queenalice.com/game.php?id=240567"]
[Date "2007.7.16"]
[Round "2"]
[White "kasparosaure"]
[Black "tetive"]
[Result "1-0"]
[WhiteElo "1804"]
[BlackElo "1704"]

1. d4 d5 2. Nf3 Nf6 3. Bg5 Ne4 4. Bf4 Bf5 5. e3 e6 6. Nbd2 h6 7. Bd3 g5 8. Bg3
Nxg3 9. hxg3 Bxd3 10. cxd3 Nc6 11. a3 Bg7 12. Rc1 O-O 13. Nh2 f5 14. Nb3 b5 15.
Rxc6 a5 16. Rxe6 Qd7 17. Nc5 Qc8 18. O-O a4 19. Qh5 c6 20. Rg6 Ra7 21. Qxh6 Rff7
22. Nf3 Kf8 23. Rxg7 Rxg7 24. Ne6+ Kg8 25. Nxg7 Rxg7 26. Nxg5 Rc7 27. Qe6+ Qxe6
28. Nxe6 Re7 29. Ng5 Rb7 30. Rc1 Rc7 31. Ne6 Rc8 32. f3 Kf7 33. Nf4 Ke7 34.
Nxd5+ Kd7 35. Nb6+ Kc7 36. Nxc8 Kxc8 37. Rxc6+ Kd7 38. Rc5 b4 39. Rxf5 bxa3 40.
bxa3 1-0

[Event "AUTO-INT-301"]
[Site "http://www.queenalice.com/game.php?id=240568"]
[Date "2007.7.16"]
[Round "2"]
[White "tetive"]
[Black "jeffersonchess"]
[Result "0-1"]
[WhiteElo "1716"]
[BlackElo "1909"]

1. d4 Nf6 2. Nf3 d5 3. Bg5 e6 4. e3 Be7 5. Ne5 Nbd7 6. Nxd7 Bxd7 7. Nc3 h6 8.
Bxf6 Bxf6 9. Bd3 c5 10. Qf3 c4 11. Be2 Qc7 12. a4 a6 13. O-O O-O 14. b3 cxb3 15.
cxb3 Qxc3 16. e4 Qxd4 17. exd5 Qxd5 18. Rad1 Qxf3 19. Bxf3 Bc6 20. Be2 Rad8 21.
Bh5 Rxd1 22. Rxd1 Rd8 23. Rc1 Bb2 24. Rf1 Rd3 25. Be2 Rd2 26. Re1 Bc3 27. h3 Rb2
28. Rd1 Rxe2 29. g4 e5 30. h4 Bd4 31. Rd3 Be4 32. Rd1 Rb2 33. g5 Bxf2+ 34. Kf1
Bxh4 35. Rd8+ Kh7 36. Re8 Bg3 37. Ra8 Bg2+ 38. Kg1 Bh3 39. g6+ Kxg6 40. Rxa6+
bxa6 0-1

[Event "AUTO-INT-301"]
[Site "http://www.queenalice.com/game.php?id=240569"]
[Date "2007.7.16"]
[Round "2"]
[White "jeffersonchess"]
[Black "tetive"]
[Result "1/2-1/2"]
[WhiteElo "1927"]
[BlackElo "1708"]

1. d4 d5 2. c4 dxc4 3. Nc3 g6 4. e4 e5 5. d5 Nf6 6. Bxc4 Bb4 7. Bd3 O-O 8. Ne2
Bg4 9. f3 Bd7 10. a3 Bc5 11. b4 Bd4 12. Nxd4 exd4 13. Ne2 Be8 14. Bb2 c6 15.
dxc6 Nxc6 16. Bc4 a6 17. Nxd4 Nxd4 18. Qxd4 b5 19. Bb3 Qxd4 20. Bxd4 Nd7 21. Rc1
h5 22. Rc7 a5 23. Bb2 axb4 24. axb4 Nb6 25. O-O Na4 26. Bf6 Nb6 27. Be7 Ra3 28.
Bd5 Nxd5 29. Bxf8 Nxc7 30. Bc5 Rb3 31. Rd1 Ne6 32. Be7 Kh7 33. Kf2 Ra3 34. Rc1
Ra7 35. Bf6 Bd7 36. Rd1 Bc6 37. Rd6 Bd7 38. Rb6 g5 39. h3 Kg6 40. e5 Nf8 41.
Be7+ Ne6 1/2-1/2

[Event "Vai Virgem"]
[Site "http://www.queenalice.com/game.php?id=246317"]
[Date "2007.7.26"]
[Round "-"]
[White "tetive"]
[Black "pcteilor"]
[Result "1-0"]
[WhiteElo "1655"]
[BlackElo "1163"]

1. d4 e6 2. e4 d5 3. e5 Nc6 4. a3 f6 5. Bb5 fxe5 6. Bxc6+ bxc6 7. dxe5 Ba6 8.
Nf3 Nh6 9. Bg5 Qb8 10. b4 Qb6 11. Be3 c5 12. Nbd2 d4 13. Bf4 c4 14. Ne4 d3 15.
Nc5 dxc2 16. Qd7# 1-0

[Event "Kakaroto seu verme!!!!"]
[Site "http://www.queenalice.com/game.php?id=264953"]
[Date "2007.9.1"]
[Round "-"]
[White "brazuka"]
[Black "tetive"]
[Result "0-1"]
[WhiteElo "1638"]
[BlackElo "1698"]

1. e4 e5 2. Nf3 d5 3. Nxe5 dxe4 4. Bc4 Nh6 5. d4 f6 6. Bxh6 Qe7 7. Nf7 Rg8 8.
Be3 Be6 9. Nd2 Bxf7 10. Be2 Nc6 11. f3 exf3 12. Nxf3 Qxe3 13. Qd2 Qxd2+ 14. Nxd2
Nxd4 15. Bd3 O-O-O 16. O-O-O Bc5 17. Kb1 Rge8 18. c3 Nc6 19. Bf5+ Kb8 20. Nb3
Rxd1+ 21. Rxd1 b6 22. a4 Bxb3 23. Rc1 Re2 24. Bxh7 Rxg2 25. Rh1 Bd5 26. h4 Rf2
27. Re1 Rh2 28. Bd3 Kb7 29. b4 Bf2 30. Rf1 Bxh4 31. b5 Ne5 32. Bf5 Nc4 33. Rd1
Na3+ 34. Kc1 Bg5+ 35. Rd2 Rxd2 36. Bg4 Rg2+ 37. Kd1 Rxg4 38. Ke2 Re4+ 39. Kf3
Nc4 40. a5 Nxa5 41. Kg3 Bh4+ 42. Kh3 Be6+ 43. Kg2 Rf4 44. Kh2 Rf2+ 45. Kg1 Bg3
46. c4 Bh3 47. c5 Rf1# 0-1

[Event "Kamehame haaaa!!!!!"]
[Site "http://www.queenalice.com/game.php?id=264954"]
[Date "2007.9.1"]
[Round "-"]
[White "tetive"]
[Black "brazuka"]
[Result "1-0"]
[WhiteElo "1689"]
[BlackElo "1647"]

1. d4 d5 2. Nf3 Nc6 3. Be3 Nf6 4. Nc3 e6 5. g3 Bd6 6. Bg2 b5 7. Nxb5 Be7 8. Qd3
a6 9. Nc3 Nb4 10. Qd2 a5 11. O-O Ba6 12. a3 Nc6 13. Ne5 Nxe5 14. dxe5 Nd7 15.
Qd4 O-O 16. Qg4 f5 17. exf6 Nxf6 18. Qxe6+ Kh8 19. Nxd5 Bc8 20. Qxe7 Nxd5 21.
Qe5 Nxe3 22. Qxe3 Ra6 23. Be4 Raf6 24. Bc6 Rxc6 25. Rad1 Qf6 26. c3 Re6 27. Qd4
Qf7 28. b4 a4 29. c4 Rxe2 30. f4 Bh3 31. Rf3 Bg2 32. Rfd3 h5 33. R1d2 Rfe8 34.
Rxe2 Rxe2 35. Rd2 Bf3 36. Rxe2 Bxe2 37. Qd8+ Kh7 38. Qd4 Qf5 39. Kf2 Qg4 40.
Qe4+ Kh6 41. Qxe2 Qc8 42. c5 c6 43. Qe5 Qd7 44. Qg5+ Kh7 45. Qxh5+ Kg8 46. Qe2
Qd4+ 47. Kg2 Qd5+ 48. Qf3 Qd2+ 49. Kh3 g6 50. Qxc6 Kg7 51. Qxa4 Qd3 52. Qa7+ Kf6
53. Qb6+ Kf5 54. Kh4 Qf3 55. Kh3 Qf1+ 56. Kh4 Qh1 57. g4+ Kxf4 58. Qf6+ Ke3 59.
Qe6+ Kf4 60. Qd6+ Kf3 61. Qd5+ Kf2 62. Qxh1 g5+ 63. Kh3 Ke3 64. c6 Kd3 65. c7
Kc3 66. c8=Q+ Kb3 67. Qhc1 Ka4 68. Q8c6+ Kb3 69. Q1c2+ Kxa3 70. Q6c3# 1-0

[Event "Challenge"]
[Site "http://www.queenalice.com/game.php?id=274179"]
[Date "2007.9.19"]
[Round "-"]
[White "RIVAS"]
[Black "tetive"]
[Result "1/2-1/2"]
[WhiteElo "1953"]
[BlackElo "1703"]

1. e4 e5 2. f4 d5 3. exd5 exf4 4. Nf3 Qxd5 5. Nc3 Qe6+ 6. Qe2 Nc6 7. Qxe6+ Bxe6
8. Bb5 Nf6 9. Ne5 Nd7 10. Nxc6 bxc6 11. Bxc6 Rb8 12. O-O Bc5+ 13. Kh1 O-O 14.
Rxf4 Bd6 15. Rf1 Ne5 16. Bd5 Bxd5 17. Nxd5 h6 18. d4 Nc4 19. b3 Nb6 20. Nf4 Rfe8
21. c4 Re4 22. Nh5 Rh4 23. Nf4 Nd7 24. g3 Rg4 25. Bb2 Nf6 26. Rae1 Bb4 1/2-1/2

[Event "AUTO-INT-324"]
[Site "http://www.queenalice.com/game.php?id=279010"]
[Date "2007.9.29"]
[Round "2"]
[White "ketchuplover"]
[Black "tetive"]
[Result "1-0"]
[WhiteElo "1824"]
[BlackElo "1712"]

1. e4 e5 2. d4 exd4 3. Bc4 Nc6 4. Nf3 Bc5 5. O-O Nf6 6. c3 dxc3 7. Nxc3 d6 8. h3
Be6 9. Bd3 Nb4 10. Bb1 Qd7 11. a3 Nc6 12. b4 Bb6 13. Na4 Bd4 14. Nxd4 Nxd4 15.
Qxd4 Qxa4 16. e5 dxe5 17. Qxe5 c6 18. Bf5 O-O 19. Bxe6 fxe6 20. Qxe6+ Kh8 21.
Qc4 Qb5 22. Qxb5 cxb5 23. Be3 Rac8 24. Bxa7 Rc4 25. Rac1 Rxc1 26. Rxc1 h6 27.
Rc7 Ne4 28. Rxb7 Ra8 29. Bd4 Kh7 30. Rxg7+ Kh8 31. Ra7+ 1-0

[Event "AUTO-INT-324"]
[Site "http://www.queenalice.com/game.php?id=279011"]
[Date "2007.9.29"]
[Round "2"]
[White "tetive"]
[Black "ketchuplover"]
[Result "0-1"]
[WhiteElo "1714"]
[BlackElo "1845"]

1. e4 d6 2. d4 Nf6 3. Bb5+ Bd7 4. Bd3 e5 5. Be3 Be7 6. Nf3 exd4 7. Bxd4 Nc6 8.
Nc3 O-O 9. Qd2 Nxd4 10. Nxd4 a6 11. O-O-O c5 12. Nf5 Bxf5 13. exf5 b5 14. Ne4 c4
15. Nxf6+ Bxf6 16. Be4 Ra7 17. Qxd6 Qxd6 18. Rxd6 Rd8 19. Rxd8+ Bxd8 20. Rd1 Bf6
21. Rd6 h6 22. f4 Kh7 23. g4 a5 24. g5 hxg5 25. fxg5 Bxg5+ 26. Kd1 Bf6 27. Rb6
b4 28. h4 Kh6 29. Bf3 Kh7 30. h5 Bd8 31. Rb8 Be7 32. Be4 Kh6 33. Rh8+ Kg5 34.
Rd8 Bxd8 0-1

[Event "AUTO-INT-324"]
[Site "http://www.queenalice.com/game.php?id=279014"]
[Date "2007.9.29"]
[Round "2"]
[White "ivan_at"]
[Black "tetive"]
[Result "1-0"]
[WhiteElo "1745"]
[BlackElo "1713"]

1. d4 d5 2. c4 e6 3. Nf3 dxc4 4. Qa4+ Bd7 5. Qxc4 b5 6. Qc2 Nc6 7. e4 Nb4 8. Qb3
a5 9. Nc3 a4 10. Qd1 c5 11. dxc5 Bxc5 12. a3 Nc6 13. Bxb5 Nf6 14. Bd3 Ng4 15.
O-O Qb6 16. Qe2 Nd4 17. Nxd4 Bxd4 18. Qxg4 e5 19. Qxg7 O-O-O 20. Qxf7 h5 21.
Qc4+ Kb8 22. Bg5 Rc8 23. Qd5 Qxb2 24. Rab1 Qxb1 25. Rxb1+ Kc7 26. Nb5+ Kb6 27.
Nd6+ 1-0

[Event "AUTO-INT-324"]
[Site "http://www.queenalice.com/game.php?id=279015"]
[Date "2007.9.29"]
[Round "2"]
[White "tetive"]
[Black "ivan_at"]
[Result "1-0"]
[WhiteElo "1694"]
[BlackElo "1766"]

1. d4 d5 2. Nf3 Nf6 3. Bg5 Nbd7 4. e3 e6 5. Ne5 Be7 6. Bb5 O-O 7. Nc3 c6 8. Nxd7
Bxd7 9. Bd3 h6 10. Bxf6 Bxf6 11. g3 b5 12. a3 Re8 13. Qf3 Rb8 14. e4 dxe4 15.
Qxe4 e5 16. O-O exd4 17. Qf3 dxc3 18. bxc3 Bxc3 19. Rad1 Re6 20. Bf5 Re7 21.
Bxd7 Bf6 22. Bxc6 Qb6 23. Be4 a6 24. Qf5 g6 25. Qd5 Rd8 26. Qxd8+ Qxd8 27. Rxd8+
1-0

[Event "ray-2"]
[Site "http://www.queenalice.com/game.php?id=281220"]
[Date "2007.10.4"]
[Round "2"]
[White "ray"]
[Black "tetive"]
[Result "0-1"]
[WhiteElo "1646"]
[BlackElo "1700"]

1. c4 e6 2. Nc3 Nf6 3. g3 d5 4. cxd5 exd5 5. Bg2 Be6 6. e3 Nc6 7. Nge2 Bd6 8.
O-O Qd7 9. Nf4 Bxf4 10. exf4 d4 11. Nb5 O-O 12. d3 a6 13. Bxc6 Qxc6 14. Nxd4 Qd5
15. Be3 Bh3 16. f3 Bxf1 17. Qxf1 c5 18. Nb3 b6 19. Rd1 Rae8 20. d4 Rxe3 21. Nd2
Qxd4 22. Nb3 Qxb2 23. Nd2 Qxa2 24. Nc4 b5 25. Nxe3 c4 26. Ra1 Qd2 27. Nd1 a5 28.
Rb1 c3 29. Nf2 c2 30. Rc1 b4 31. Nd3 b3 32. Nb2 Qd4+ 33. Kg2 Qxb2 34. Kh3 Qc3
35. Kh4 Rb8 36. h3 b2 37. Re1 b1=Q 38. g4 g6 39. g5 Nh5 40. f5 Qbb4+ 41. f4 Qg3#
0-1

[Event "Challenge"]
[Site "http://www.queenalice.com/game.php?id=294243"]
[Date "2007.10.28"]
[Round "-"]
[White "lesangesleader"]
[Black "tetive"]
[Result "1-0"]
[WhiteElo "1728"]
[BlackElo "1704"]

1. Nf3 d5 2. d4 Nf6 3. c4 dxc4 4. Nc3 e6 5. Bg5 h6 6. Bxf6 Qxf6 7. e3 Nc6 8.
Bxc4 a6 9. O-O b5 10. Be2 Bd6 11. a3 e5 12. dxe5 Bxe5 13. Nxe5 Nxe5 14. Rc1 Qg5
15. g3 O-O 16. f4 Qe7 17. fxe5 Qxe5 18. Qd4 Qxd4 19. exd4 Bb7 20. Bf3 Bxf3 21.
Rxf3 Rae8 22. b4 c6 23. Kf2 Rd8 24. Rd1 Rfe8 25. d5 cxd5 26. Rxd5 Rc8 27. Rc5
Ra8 28. Nd5 Rad8 29. Re3 Rxe3 30. Kxe3 Re8+ 31. Kf2 Kh7 32. Nc7 Re4 33. Nxa6 Rd4
34. Nc7 Rd3 35. Nxb5 Rd2+ 36. Kg1 Re2 37. Nd6 Rd2 38. Nxf7 Kg8 39. Ne5 Ra2 40.
Rc3 Rd2 41. a4 Ra2 42. a5 1-0

[Event "Challenge"]
[Site "http://www.queenalice.com/game.php?id=294244"]
[Date "2007.10.28"]
[Round "-"]
[White "lesangesleader"]
[Black "tetive"]
[Result "1/2-1/2"]
[WhiteElo "1732"]
[BlackElo "1703"]

1. Nf3 Nf6 2. c4 d5 3. cxd5 Qxd5 4. Nc3 Qc5 5. d4 Qf5 6. e3 Nc6 7. Bd3 Qe6 8. a3
g6 9. Bd2 Bg7 10. O-O O-O 11. Be2 a6 12. b4 b5 13. Rc1 Qf5 14. Nh4 Qd7 15. g3
Bb7 16. Bf3 Rab8 17. Bh1 Qh3 18. Bg2 Qd7 19. Nf3 Nd8 20. Ne5 Qf5 21. Bxb7 Rxb7
22. Qf3 Qxf3 23. Nxf3 c6 24. Ne5 Nh5 25. Ne4 Ne6 26. Nxc6 f5 27. Nc3 Rc7 28. Nd5
Rb7 29. Na5 Rbb8 1/2-1/2

[Event "AUTO-ADV-731"]
[Site "http://www.queenalice.com/game.php?id=313969"]
[Date "2007.12.2"]
[Round "1"]
[White "tetive"]
[Black "lesangesleader"]
[Result "0-1"]
[WhiteElo "1685"]
[BlackElo "1564"]

1. d4 d5 2. Nf3 e6 3. a3 c5 4. dxc5 Bxc5 5. Bf4 Nc6 6. e3 Nf6 7. b4 Be7 8. Ne5
O-O 9. Bd3 Nxe5 10. Bxe5 Nd7 11. Qf3 Nxe5 12. Qh5 Nxd3+ 13. Kf1 Ne5 14. Qxe5 Bf6
15. Qg3 Bxa1 16. c3 b6 17. f4 Ba6+ 18. Kf2 Bb2 19. h4 Bd3 0-1

[Event "AUTO-ADV-731"]
[Site "http://www.queenalice.com/game.php?id=313970"]
[Date "2007.12.2"]
[Round "1"]
[White "lesangesleader"]
[Black "tetive"]
[Result "1-0"]
[WhiteElo "1541"]
[BlackElo "1708"]

1. Nf3 d5 2. d4 Nf6 3. c4 Bg4 4. e3 e6 5. cxd5 exd5 6. Be2 Bd6 7. a3 a6 8. Nc3
Nc6 9. O-O Qd7 10. Bd2 O-O 11. Rc1 Ne4 12. b4 b5 13. Ne5 Nxe5 14. Nxd5 c6 15.
Nc3 Nxc3 16. Bxc3 1-0

[Event "AUTO-ADV-731"]
[Site "http://www.queenalice.com/game.php?id=313971"]
[Date "2007.12.2"]
[Round "1"]
[White "tetive"]
[Black "dwright"]
[Result "0-1"]
[WhiteElo "1633"]
[BlackElo "1983"]

1. d4 Nf6 2. Nf3 d5 3. h3 Nc6 4. Bg5 Ne4 5. e3 Nxg5 6. Nxg5 e5 7. f4 e4 8. Nc3
f6 9. Nf7 Kxf7 10. g4 Bb4 11. Qd2 a5 12. a3 Be7 13. f5 Na7 14. Be2 c6 0-1

[Event "AUTO-ADV-731"]
[Site "http://www.queenalice.com/game.php?id=313972"]
[Date "2007.12.2"]
[Round "1"]
[White "dwright"]
[Black "tetive"]
[Result "1-0"]
[WhiteElo "1980"]
[BlackElo "1635"]

1. e4 e5 2. f4 d5 3. exd5 Qxd5 4. Nc3 Qe6 5. fxe5 Qxe5+ 6. Be2 Be6 7. Nf3 Qd6 8.
O-O Nc6 9. Ng5 h6 10. Nge4 Qe7 11. Bb5 Bd5 12. Re1 Be6 13. Bxc6+ bxc6 14. Qe2
Nf6 15. Qa6 Qd7 16. Nxf6+ gxf6 17. Qf1 1-0

[Event "AUTO-ADV-731"]
[Site "http://www.queenalice.com/game.php?id=313973"]
[Date "2007.12.2"]
[Round "1"]
[White "tetive"]
[Black "alvarogoulart"]
[Result "0-1"]
[WhiteElo "1649"]
[BlackElo "1698"]

1. d4 g6 2. e4 Bg7 3. Nf3 d5 4. e5 Bf5 5. h3 f6 6. g4 Be4 7. Nc3 f5 8. Bd3 Bxf3
9. Qxf3 e6 10. b3 a6 11. Ba3 Ne7 12. g5 h6 13. h4 hxg5 0-1

[Event "AUTO-ADV-731"]
[Site "http://www.queenalice.com/game.php?id=313974"]
[Date "2007.12.2"]
[Round "1"]
[White "alvarogoulart"]
[Black "tetive"]
[Result "1-0"]
[WhiteElo "1683"]
[BlackElo "1664"]

1. e4 e5 2. Nf3 Nc6 3. Bb5 Nf6 4. Bxc6 dxc6 5. d3 Be6 6. Bg5 h6 7. Bh4 g5 8. Bg3
Ng4 9. h3 Nf6 10. Nc3 Bb4 11. O-O Qd6 12. a3 Bxc3 13. bxc3 1-0

[Event "ray-2"]
[Site "http://www.queenalice.com/game.php?id=316294"]
[Date "2007.12.6"]
[Round "3"]
[White "kloosterveen"]
[Black "tetive"]
[Result "1-0"]
[WhiteElo "1977"]
[BlackElo "1713"]

1. d4 d5 2. e3 Nf6 3. c4 dxc4 4. Bxc4 e6 5. Nf3 a6 6. O-O b5 7. Bd3 Bb7 8. a4
Bb4 9. axb5 a5 10. Bd2 Qd6 11. Na3 Ng4 12. Nc4 Qe7 13. Nxa5 Bxf3 14. Qxf3 Bxd2
15. Qxa8 O-O 16. Nc4 Nd7 17. Qf3 f5 18. Nxd2 Ngf6 19. Bc4 1-0